LIBRARY ONLINE CATALOGUE

Gender in the workplace : (Record no. 7758)

MARC details
000 -LEADER
fixed length control field 00742nam a22002172 4500
001 - CONTROL NUMBER
control field 0000008898
005 - DATE AND TIME OF LATEST TRANSACTION
control field 20151217152043.0
008 - FIXED-LENGTH DATA ELEMENTS--GENERAL INFORMATION
fixed length control field 080616s xx 000 0 eng d
020 ## - INTERNATIONAL STANDARD BOOK NUMBER
International Standard Book Number 1412928175 :
Terms of availability KES 3555
040 ## - CATALOGING SOURCE
Original cataloging agency KABU
Transcribing agency KABU
100 1# - MAIN ENTRY--PERSONAL NAME
Personal name DeLaat, Jacqueline.
-- 0000159684
245 10 - TITLE STATEMENT
Title Gender in the workplace :
Remainder of title a case study approach /
Statement of responsibility, etc. Jacqueline DeLaat.
250 ## - EDITION STATEMENT
Edition statement 2nd ed.
260 ## - PUBLICATION, DISTRIBUTION, ETC. (IMPRINT)
Place of publication, distribution, etc. London :
Name of publisher, distributor, etc. SAGE,
Date of publication, distribution, etc. 2007.
300 ## - PHYSICAL DESCRIPTION
Extent xxvii, 109 p.
650 #0 - SUBJECT ADDED ENTRY--TOPICAL TERM
Topical term or geographic name as entry element Sex discrimination in employment
General subdivision Case studies
Geographic subdivision United States.
-- 0000159685
650 #0 - SUBJECT ADDED ENTRY--TOPICAL TERM
Topical term or geographic name as entry element Sex role in the work environment
General subdivision Case studies.
Geographic subdivision United States.
-- 0000159686
908 ## - PUT COMMAND PARAMETER (RLIN)
Put command parameter 080616
950 ## - LOCAL HOLDINGS (RLIN)
-- 1
Holdings
Withdrawn status Lost status Source of classification or shelving scheme Not for loan Home library Current library Date acquired Total Checkouts Full call number Barcode Date last seen Price effective from Koha item type
    Library of Congress Classification   Kabarak, Main Campus Kabarak, Main Campus 17/12/2015   HD6060 .U5D45 2007 c. 1 012293 02/08/2024 17/12/2015 General Collection